000 01044cam a2200301 i 4500
999 _c57688
_d57688
001 17799872
005 20200909124156.0
008 130702s20142014njua 000 0 eng
010 _a 2013026532
020 _a9781118820193
040 _aDLC
_beng
_cDLC
_erda
_dDLC
041 _aeng
042 _apcc
050 0 0 _aTH145
_b.A417 2014 Suppl.
080 _a691 A-38
100 1 _aAllen, Edward,
_d1938-
_99452
245 1 0 _aExercises in building construction :
_bmaterials and methods /
_cEdward Allen and Joseph Iano.
250 _aSixth edition.
264 4 _cHoboken, New Jersey :
_aWiley,
_b[2014]
300 _a154 pages :
_billustrations ;
_c28 cm.
650 0 _aBuilding.
_98873
650 0 _aBuilding materials.
_99453
653 _aმშენებლობა
653 _aსამშენებლო კონსტრუქციები
700 1 _aIano, Joseph.
_eავტორი
_99454
942 _2udc
_cBK
955 _brk09 2013-07-02
_irk09 2013-07-02 to Dewey
_axn09 2014-01-29 1 copy rec'd., to CIP ver.